| 000 | 00384nam a22001697a 4500 | ||
|---|---|---|---|
| 003 | LK-CoDNM | ||
| 005 | 20250109151517.0 | ||
| 008 | 250109b |||||||| |||| 00| 0 eng d | ||
| 040 |
_aLK-CoDNM _dLK-CoDNM _eLK-CoDNM |
||
| 041 | _aeng | ||
| 080 |
_a5 _bF25 |
||
| 245 | _a The Ray Society | ||
| 260 | _aLondon | ||
| 300 | _a144p. : ill , 21 cm | ||
| 650 | _aScience | ||
| 942 | _cBK | ||
| 999 |
_c235803 _d235803 |
||